000 00305nam a22001337a 4500
008 170614b xxu||||| |||| 00| 0 eng d
020 _a020725922300250000000013
041 _aeng
080 _a94(100)
100 _a19
101 _aSHH
245 _aWINNING MODERN WARS
_cCLARK.W.K
942 _2udc
_cBK
999 _c17275
_d17275